[Event "DEN-ch"]
[Site "Horsens"]
[Date "1978.??.??"]
[Round "3"]
[White "Iskov, Gert"]
[Black "Pedersen, Erik"]
[Result "1/2-1/2"]
[WhiteElo "2395"]
[BlackElo "2200"]
[PlyCount "42"]
[EventDate "1978.??.??"]
[EventType "tourn"]
[EventRounds "11"]
[EventCountry "DEN"]
[EventCategory "4"]
[Source "ChessBase"]
[SourceDate "1999.07.01"]

1. e4 e5 2. Nf3 d6 3. Nc3 Nf6 4. d4 Nbd7 5. Bc4 Be7 6. dxe5 Nxe5 7. Be2 Ng6 8.
O-O O-O 9. Bc4 Ne5 10. Nxe5 dxe5 11. Qf3 c6 12. a4 a5 13. h3 Qc7 14. Be3 b6 15.
Rfd1 Bb7 16. Bb3 Rad8 17. Qe2 Nd7 18. Bc4 Nc5 19. Rxd8 Rxd8 20. Qf3 Bf8 21. Rd1
Rxd1+ 1/2-1/2

[Event "DEN-ch"]
[Site "Horsens"]
[Date "1978.??.??"]
[Round "8"]
[White "Iskov, Gert"]
[Black "Mortensen, Erling"]
[Result "0-1"]
[WhiteElo "2395"]
[BlackElo "2365"]
[PlyCount "70"]
[EventDate "1978.??.??"]
[EventType "tourn"]
[EventRounds "11"]
[EventCountry "DEN"]
[EventCategory "4"]
[Source "ChessBase"]
[SourceDate "1999.07.01"]

1. d4 Nf6 2. c4 c5 3. Nf3 cxd4 4. Nxd4 e6 5. Nc3 Bb4 6. g3 Ne4 7. Qd3 Qa5 8.
Nb3 Nxc3 9. Bd2 Ne4 10. Qxe4 Bxd2+ 11. Nxd2 O-O 12. Bg2 Nc6 13. Qe3 d5 14. O-O
d4 15. Qd3 e5 16. f4 Bf5 17. Ne4 exf4 18. Rxf4 Bg6 19. Qd2 Qe5 20. Nf2 Rfe8 21.
Bxc6 bxc6 22. Rxd4 Rab8 23. Rd1 c5 24. Rd8 Rbxd8 25. Qxd8 h5 26. Qd5 Qxe2 27.
Rd2 Qe3 28. Kg2 Kh7 29. b3 Re5 30. Qd8 Rf5 31. Rb2 Qf3+ 32. Kg1 Re5 33. Qd2 h4
34. gxh4 Be4 35. Nxe4 Rxe4 0-1

[Event "DEN-ch"]
[Site "Horsens"]
[Date "1978.??.??"]
[Round "5"]
[White "Iskov, Gert"]
[Black "Hvenekilde, Jorgen"]
[Result "1-0"]
[WhiteElo "2395"]
[BlackElo "2250"]
[PlyCount "167"]
[EventDate "1978.??.??"]
[EventType "tourn"]
[EventRounds "11"]
[EventCountry "DEN"]
[EventCategory "4"]
[Source "ChessBase"]
[SourceDate "1999.07.01"]

1. Nf3 d6 2. d4 g6 3. e4 Bg7 4. Nc3 Nc6 5. d5 Ne5 6. Nxe5 Bxe5 7. Be2 Nf6 8.
Bh6 c5 9. dxc6 bxc6 10. f4 Bxc3+ 11. bxc3 Qa5 12. Qd4 c5 13. Qe3 Ba6 14. O-O
Bxe2 15. Qxe2 Nd7 16. e5 O-O-O 17. Qc4 f6 18. Rab1 Nb6 19. Qe6+ Rd7 20. exf6
exf6 21. Bg7 Rhd8 22. Bxf6 Rf8 23. Rfd1 Rxf6 24. Qxf6 Qxa2 25. Rbc1 Kc7 26. Rd3
a5 27. Rcd1 Qxc2 28. Rxd6 Qxd1+ 29. Rxd1 Rxd1+ 30. Kf2 Rd2+ 31. Ke1 Rd7 32. g4
a4 33. Qe5+ Kc6 34. Qe4+ Kb5 35. Qb1+ Kc6 36. Qa2 c4 37. Ke2 Rd3 38. Qa3 Rh3
39. Kf2 Rxh2+ 40. Kg3 Rd2 41. f5 Rd3+ 42. Kh4 Rd6 43. Kg5 h6+ 44. Kf4 gxf5 45.
gxf5 Kc7 46. Qc5+ Rc6 47. Qa5 Kb7 48. Kg4 Nd7 49. Qxa4 Nf6+ 50. Kf4 Nd7 51.
Qb4+ Kc7 52. Qe7 Kc8 53. Ke4 Nf6+ 54. Kd4 Nd7 55. Qe4 Kc7 56. Qf4+ Kb7 57. Qg3
Kb6 58. Qg7 Kc7 59. Qg8 Nf6 60. Qg3+ Kc8 61. Qg2 Kc7 62. Qh2+ Kb7 63. Qxh6 Kc7
64. Qg7+ Nd7 65. Qg3+ Kb7 66. Qh2 Kb6 67. Qg3 Kb7 68. Qg7 Kc7 69. Kd5 Rf6 70.
Qg3+ Kb7 71. Qg5 Rc6 72. Qd8 Nf6+ 73. Ke5 Ng4+ 74. Kf4 Nf6 75. Kf3 Ka6 76. Qe7
Kb6 77. Kg3 Nd5 78. Qe5 Nf6 79. Qb8+ Kc5 80. Qb4+ Kd5 81. Qe7 Nh5+ 82. Kg4 Nf6+
83. Kg5 Ne4+ 84. Kf4 1-0

[Event "DEN-ch"]
[Site "Horsens"]
[Date "1978.??.??"]
[Round "10"]
[White "Iskov, Gert"]
[Black "Fries Nielsen, Jens Ove"]
[Result "0-1"]
[WhiteElo "2395"]
[BlackElo "2300"]
[PlyCount "82"]
[EventDate "1978.??.??"]
[EventType "tourn"]
[EventRounds "11"]
[EventCountry "DEN"]
[EventCategory "4"]
[Source "ChessBase"]
[SourceDate "1999.07.01"]

1. d4 Nf6 2. c4 g6 3. Nc3 d5 4. Nf3 Bg7 5. Qb3 c6 6. cxd5 Nxd5 7. e4 Nb6 8. Be3
O-O 9. Rd1 N8d7 10. Be2 Nf6 11. O-O Qc7 12. Ne5 Be6 13. Qc2 Nfd7 14. Nxd7 Bxd7
15. Qd2 f5 16. Bf4 e5 17. dxe5 Bxe5 18. Bxe5 Qxe5 19. Qd6 Qxd6 20. Rxd6 Rae8
21. f3 fxe4 22. fxe4 Rxf1+ 23. Kxf1 Kf7 24. Kf2 Re5 25. Ke3 Ke7 26. Rd1 Be6 27.
Kf4 Ra5 28. h4 h6 29. Bg4 Bxg4 30. Kxg4 Nc4 31. Kg3 Nxb2 32. Rb1 Ra3 33. Rxb2
Rxc3+ 34. Kf4 b6 35. Ke5 Rc5+ 36. Kd4 Ke6 37. Rf2 Ra5 38. Rf8 Ra4+ 39. Ke3 Rxa2
40. g4 Rh2 41. Rg8 Rxh4 0-1

[Event "DEN-ch"]
[Site "Horsens"]
[Date "1978.??.??"]
[Round "1"]
[White "Iskov, Gert"]
[Black "Hansen, Jacob Ost"]
[Result "1/2-1/2"]
[WhiteElo "2395"]
[BlackElo "2360"]
[PlyCount "24"]
[EventDate "1978.??.??"]
[EventType "tourn"]
[EventRounds "11"]
[EventCountry "DEN"]
[EventCategory "4"]
[Source "ChessBase"]
[SourceDate "1999.07.01"]

1. e4 c5 2. Nf3 e6 3. d4 cxd4 4. Nxd4 a6 5. Bd3 Qc7 6. O-O Nf6 7. Qe2 d6 8. Nd2
Be7 9. f4 e5 10. fxe5 dxe5 11. Nf5 Bxf5 12. exf5 Nbd7 1/2-1/2

[Event "DEN-ch"]
[Site "Horsens"]
[Date "1978.??.??"]
[Round "7"]
[White "Iskov, Gert"]
[Black "Kolbak, Jens"]
[Result "1/2-1/2"]
[WhiteElo "2395"]
[BlackElo "2350"]
[PlyCount "116"]
[EventDate "1978.??.??"]
[EventType "tourn"]
[EventRounds "11"]
[EventCountry "DEN"]
[EventCategory "4"]
[Source "ChessBase"]
[SourceDate "1999.07.01"]

1. e4 c6 2. d4 d5 3. Nd2 dxe4 4. Nxe4 Nf6 5. Nxf6+ exf6 6. g3 Qd5 7. Nf3 Bd6 8.
Bg2 O-O 9. O-O Qh5 10. Qd3 Bh3 11. Bxh3 Qxh3 12. Re1 Na6 13. Re4 Qd7 14. Bd2
Nc7 15. Rae1 Ne6 16. R4e2 Rfd8 17. Qf5 Bf8 18. c3 Qc7 19. Nh4 a5 20. Qf3 Rd5
21. Nf5 Rad8 22. Bc1 b5 23. a3 R5d7 24. b4 axb4 25. axb4 Ra8 26. Rxe6 fxe6 27.
Bf4 e5 28. dxe5 fxe5 29. Bxe5 Qc8 30. Re4 Rf7 31. Rf4 Qe6 32. Nd4 Rxf4 33. Bxf4
Qh3 34. Bc1 Qd7 35. Kg2 Rc8 36. Be3 Be7 37. Nf5 Bf6 38. Bc5 Qe6 39. Nd6 Rc7 40.
Ne4 Rf7 41. Nd6 Rc7 42. Ne4 Rd7 43. Qf4 h6 44. Nxf6+ Qxf6 45. Qe4 Rc7 46. Qe8+
Kh7 47. Qe4+ Qg6 48. Qe5 Rc8 49. Bd4 Re8 50. Qc7 Qe4+ 51. Kg1 Re7 52. Qd8 Rf7
53. h4 Qe1+ 54. Kg2 Qe7 55. Qc8 Qb7 56. Qxb7 Rxb7 57. Kf3 Kg6 58. Ke4 Kf7
1/2-1/2

[Event "DEN-ch"]
[Site "Horsens"]
[Date "1978.??.??"]
[Round "8"]
[White "Jakobsen, Ole"]
[Black "Brinck Claussen, Bjorn"]
[Result "0-1"]
[WhiteElo "2400"]
[BlackElo "2385"]
[PlyCount "82"]
[EventDate "1978.??.??"]
[EventType "tourn"]
[EventRounds "11"]
[EventCountry "DEN"]
[EventCategory "4"]
[Source "ChessBase"]
[SourceDate "1999.07.01"]

1. e4 e6 2. d4 d5 3. Nd2 Nf6 4. e5 Nfd7 5. Bd3 c5 6. c3 Nc6 7. Ne2 Qb6 8. Nf3
cxd4 9. cxd4 f6 10. exf6 Nxf6 11. O-O Bd6 12. Nc3 Bd7 13. Re1 O-O 14. a3 a6 15.
Be3 Qc7 16. Rc1 Rae8 17. h3 Qb8 18. Bc2 Ne7 19. Qd2 Nh5 20. Qd3 Ng6 21. Ng5 Rf6
22. Qd1 Nhf4 23. g3 h6 24. gxf4 Nxf4 25. Bxf4 Bxf4 26. Nh7 Bh2+ 27. Kh1 Rxf2
28. Qg4 Qf4 29. Bg6 Rc8 30. Rc2 Rxc2 31. Bxc2 e5 32. Qg2 Qg3 33. Nf6+ gxf6 34.
Qxg3+ Bxg3 35. Rg1 exd4 36. Rxg3+ Kf7 37. Bh7 dxc3 38. bxc3 Be6 39. Re3 Kg7 40.
Bd3 f5 41. Be2 Kf6 0-1

[Event "DEN-ch"]
[Site "Horsens"]
[Date "1978.??.??"]
[Round "10"]
[White "Jakobsen, Ole"]
[Black "Rosenlund, Thorbjorn"]
[Result "1-0"]
[WhiteElo "2400"]
[BlackElo "2340"]
[PlyCount "69"]
[EventDate "1978.??.??"]
[EventType "tourn"]
[EventRounds "11"]
[EventCountry "DEN"]
[EventCategory "4"]
[Source "ChessBase"]
[SourceDate "1999.07.01"]

1. e4 c5 2. Nf3 e6 3. d4 cxd4 4. Nxd4 Nf6 5. Nc3 d6 6. Be2 a6 7. O-O Nbd7 8. f4
b5 9. Bf3 Bb7 10. e5 Bxf3 11. Nxf3 Ng4 12. Qe2 g6 13. Kh1 b4 14. Nd5 Qa5 15.
Ne3 Nxe3 16. Bxe3 dxe5 17. fxe5 Bg7 18. a3 bxa3 19. Rxa3 Qb4 20. Rb3 Qa4 21.
Ra3 Qc6 22. Bd4 O-O 23. Rfa1 Rac8 24. c3 Qb5 25. Qc2 Rc6 26. Ra5 Qb7 27. Qe2
Ra8 28. b4 Qc7 29. b5 Rxc3 30. Bxc3 Qxc3 31. bxa6 Nc5 32. a7 Nb3 33. Qe4 Nxa5
34. Qxa8+ Bf8 35. Qxf8+ 1-0

[Event "DEN-ch"]
[Site "Horsens"]
[Date "1978.??.??"]
[Round "5"]
[White "Jakobsen, Ole"]
[Black "Kolbak, Jens"]
[Result "1/2-1/2"]
[WhiteElo "2400"]
[BlackElo "2350"]
[PlyCount "82"]
[EventDate "1978.??.??"]
[EventType "tourn"]
[EventRounds "11"]
[EventCountry "DEN"]
[EventCategory "4"]
[Source "ChessBase"]
[SourceDate "1999.07.01"]

1. e4 c6 2. c4 d5 3. exd5 cxd5 4. cxd5 Nf6 5. Bb5+ Nbd7 6. Nc3 g6 7. Nf3 Bg7 8.
O-O O-O 9. d6 exd6 10. d4 a6 11. Be2 b5 12. Bf4 Nb6 13. Qb3 Re8 14. Rfe1 Be6
15. Qb4 Bf8 16. Bg5 Nbd5 17. Nxd5 Nxd5 18. Qd2 f6 19. Bh6 Qd7 20. Bxf8 Rxf8 21.
h4 Bf7 22. Nh2 Rae8 23. a4 bxa4 24. Bxa6 Rxe1+ 25. Rxe1 Rb8 26. Bc4 Kg7 27. Nf1
Qc6 28. Bxd5 Qxd5 29. Re7 h5 30. Qc3 Rb7 31. Ne3 Qb5 32. Rxb7 Qxb7 33. f3 Qb6
34. Kf2 Be6 35. g3 Qb5 36. f4 Bg4 37. Nxg4 hxg4 38. Qc7+ Kh6 39. Qxd6 Qxb2+ 40.
Ke3 Qc3+ 41. Ke2 Qc2+ 1/2-1/2

[Event "DEN-ch"]
[Site "Horsens"]
[Date "1978.??.??"]
[Round "10"]
[White "Kolbak, Jens"]
[Black "Pedersen, Erik"]
[Result "1/2-1/2"]
[WhiteElo "2350"]
[BlackElo "2200"]
[PlyCount "83"]
[EventDate "1978.??.??"]
[EventType "tourn"]
[EventRounds "11"]
[EventCountry "DEN"]
[EventCategory "4"]
[Source "ChessBase"]
[SourceDate "1999.07.01"]

1. e4 c5 2. Nf3 Nc6 3. d4 cxd4 4. Nxd4 Nf6 5. Nc3 e5 6. Ndb5 d6 7. Bg5 a6 8.
Na3 b5 9. Nd5 Be7 10. Nxe7 Nxe7 11. Qd3 Bb7 12. Bxf6 gxf6 13. O-O-O d5 14. exd5
Qxd5 15. Qxd5 Nxd5 16. c4 bxc4 17. Nxc4 O-O-O 18. Na5 Nf4 19. Rxd8+ Rxd8 20.
Nxb7 Kxb7 21. g3 Ne6 22. Bc4 Rc8 23. b3 Nd4 24. Kb2 Kb6 25. h4 f5 26. Rc1 f6
27. Rc3 Rc7 28. b4 a5 29. bxa5+ Kxa5 30. Ra3+ Kb4 31. Bb3 Rd7 32. Ra4+ Kb5 33.
Rc4 Nxb3 34. Kxb3 Rd2 35. Rc2 Rd4 36. Rc3 Rg4 37. Rf3 f4 38. Kc2 fxg3 39. fxg3
e4 40. Rxf6 Rxg3 41. Rf7 Rg2+ 42. Kc3 1/2-1/2

[Event "DEN-ch"]
[Site "Horsens"]
[Date "1978.??.??"]
[Round "6"]
[White "Kolbak, Jens"]
[Black "Hansen, Jacob Ost"]
[Result "1-0"]
[WhiteElo "2350"]
[BlackElo "2360"]
[PlyCount "113"]
[EventDate "1978.??.??"]
[EventType "tourn"]
[EventRounds "11"]
[EventCountry "DEN"]
[EventCategory "4"]
[Source "ChessBase"]
[SourceDate "1999.07.01"]

1. e4 c6 2. d4 d5 3. e5 Bf5 4. c4 e6 5. Nc3 h6 6. cxd5 cxd5 7. Bd3 Bxd3 8. Qxd3
Ne7 9. Nf3 Nec6 10. Bd2 a6 11. Rc1 Be7 12. h4 Nd7 13. h5 Qb6 14. O-O Rc8 15. b3
Rc7 16. Qe3 Ba3 17. Rcd1 Ne7 18. g4 g6 19. hxg6 Nxg6 20. Kg2 h5 21. g5 Ndf8 22.
Na4 Qb5 23. Bc1 Be7 24. Bb2 Nd7 25. Rc1 Rc6 26. Rh1 Kd8 27. Nc3 Qa5 28. a3 Ndf8
29. b4 Qc7 30. b5 axb5 31. Nxb5 Qb6 32. a4 Qa6 33. Ra1 Nd7 34. Ba3 Bxa3 35.
Qxa3 Rh7 36. Kg3 Nb6 37. Nd6 Nc4 38. Nxc4 Rxc4 39. Rhc1 h4+ 40. Kh3 Qc6 41. a5
Rh8 42. Rab1 Kc8 43. Kh2 Kb8 44. Rxc4 dxc4 45. Rb6 Qc7 46. Rb5 Rc8 47. Qb4 Qc6
48. Ne1 Ka7 49. Rc5 Qd7 50. Qxc4 Rxc5 51. Qxc5+ Ka8 52. Nd3 Qa4 53. Qc8+ Ka7
54. Nc5 Qb4 55. Qc7 Ka8 56. Qxf7 Nxe5 57. Qf8+ 1-0

[Event "DEN-ch"]
[Site "Horsens"]
[Date "1978.??.??"]
[Round "4"]
[White "Kolbak, Jens"]
[Black "Rosenlund, Thorbjorn"]
[Result "1-0"]
[WhiteElo "2350"]
[BlackElo "2340"]
[PlyCount "83"]
[EventDate "1978.??.??"]
[EventType "tourn"]
[EventRounds "11"]
[EventCountry "DEN"]
[EventCategory "4"]
[Source "ChessBase"]
[SourceDate "1999.07.01"]

1. e4 c5 2. f4 e6 3. Nf3 d5 4. e5 Nc6 5. Be2 Nge7 6. O-O Nf5 7. c3 h5 8. Na3
Bd7 9. Nc2 d4 10. Bd3 Nce7 11. cxd4 Bc6 12. Kh1 h4 13. Qe2 cxd4 14. Be4 Bxe4
15. Qxe4 d3 16. Ne3 Qd7 17. b3 Nc6 18. Bb2 Bc5 19. Nxf5 exf5 20. Qc4 Bb6 21. h3
Nd8 22. Rac1 Ne6 23. Ba3 Rd8 24. Qb4 Ra8 25. Rc4 Bd8 26. Nd4 a5 27. Qb5 g6 28.
Qxd7+ Kxd7 29. Rf3 Be7 30. Bxe7 Kxe7 31. Nxe6 Kxe6 32. Rxd3 Rhd8 33. Rcd4 Rdc8
34. Rd6+ Ke7 35. Rd7+ Ke8 36. Kg1 a4 37. Kf2 axb3 38. axb3 Ra1 39. Rxb7 Rcc1
40. Rdd7 Rf1+ 41. Ke3 Rae1+ 42. Kd3 1-0

[Event "DEN-ch"]
[Site "Horsens"]
[Date "1978.??.??"]
[Round "2"]
[White "Kristiansen, Jens"]
[Black "Iskov, Gert"]
[Result "1-0"]
[WhiteElo "2395"]
[BlackElo "2395"]
[PlyCount "91"]
[EventDate "1978.??.??"]
[EventType "tourn"]
[EventRounds "11"]
[EventCountry "DEN"]
[EventCategory "4"]
[Source "ChessBase"]
[SourceDate "1999.07.01"]

1. e4 e5 2. Nf3 Nc6 3. Bb5 a6 4. Ba4 Nf6 5. O-O Nxe4 6. d4 b5 7. Bb3 d5 8. dxe5
Be6 9. c3 Bc5 10. Qd3 O-O 11. Nbd2 f5 12. exf6 Nxf6 13. Bc2 Qd7 14. Nb3 Bb6 15.
Nbd4 Nxd4 16. cxd4 Ne4 17. Ne5 Qd6 18. Be3 c5 19. dxc5 Bxc5 20. Bxc5 Qxc5 21.
Nf3 Bf5 22. Bb3 Rad8 23. Qd4 Qxd4 24. Nxd4 Nc5 25. Rfd1 Rd6 26. Rac1 Nxb3 27.
axb3 Bd7 28. b4 Re8 29. Re1 Rxe1+ 30. Rxe1 Kf7 31. f4 Kf6 32. Re5 g6 33. Kf2
Bf5 34. Ke3 Rd7 35. g3 Bg4 36. Kd2 Rd8 37. Nc6 Rd6 38. Nd4 Rd8 39. Kd3 Rd6 40.
Nb3 Bf3 41. Kd4 Rc6 42. Nc5 h5 43. Re8 Kf5 44. h3 Bg2 45. Rf8+ Rf6 46. g4+ 1-0

[Event "DEN-ch"]
[Site "Horsens"]
[Date "1978.??.??"]
[Round "9"]
[White "Kristiansen, Jens"]
[Black "Pedersen, Erik"]
[Result "1-0"]
[WhiteElo "2395"]
[BlackElo "2200"]
[PlyCount "47"]
[EventDate "1978.??.??"]
[EventType "tourn"]
[EventRounds "11"]
[EventCountry "DEN"]
[EventCategory "4"]
[Source "ChessBase"]
[SourceDate "1999.07.01"]

1. e4 c5 2. Nf3 Nc6 3. d4 cxd4 4. Nxd4 Nf6 5. Nc3 e5 6. Ndb5 d6 7. Bg5 a6 8.
Na3 b5 9. Bxf6 gxf6 10. Nd5 f5 11. g3 fxe4 12. Bg2 Bf5 13. O-O Bg7 14. Re1 O-O
15. c3 Ne7 16. Bxe4 Bxe4 17. Rxe4 Ng6 18. Nc2 f5 19. Re1 Rc8 20. a4 Qg5 21.
axb5 f4 22. bxa6 Nh4 23. Kh1 fxg3 24. fxg3 1-0

[Event "DEN-ch"]
[Site "Horsens"]
[Date "1978.??.??"]
[Round "4"]
[White "Kristiansen, Jens"]
[Black "Brinck Claussen, Bjorn"]
[Result "1-0"]
[WhiteElo "2395"]
[BlackElo "2385"]
[PlyCount "41"]
[EventDate "1978.??.??"]
[EventType "tourn"]
[EventRounds "11"]
[EventCountry "DEN"]
[EventCategory "4"]
[Source "ChessBase"]
[SourceDate "1999.07.01"]

1. e4 e6 2. d4 d5 3. Nd2 c5 4. Ngf3 Nc6 5. Bb5 cxd4 6. Nxd4 Bd7 7. Nxc6 Bxc6 8.
Bxc6+ bxc6 9. c4 Nf6 10. Qa4 Qd7 11. e5 Ng8 12. O-O Ne7 13. Nb3 Ng6 14. f4 Rb8
15. Be3 d4 16. Nxd4 Bc5 17. Rad1 Rxb2 18. Kh1 Rb4 19. Qa5 Be7 20. Nf5 Qb7 21.
Nxe7 1-0

[Event "DEN-ch"]
[Site "Horsens"]
[Date "1978.??.??"]
[Round "11"]
[White "Kristiansen, Jens"]
[Black "Hvenekilde, Jorgen"]
[Result "0-1"]
[WhiteElo "2395"]
[BlackElo "2250"]
[PlyCount "60"]
[EventDate "1978.??.??"]
[EventType "tourn"]
[EventRounds "11"]
[EventCountry "DEN"]
[EventCategory "4"]
[Source "ChessBase"]
[SourceDate "1999.07.01"]

1. Nf3 Nf6 2. c4 e6 3. Nc3 d5 4. d4 Be7 5. Bg5 O-O 6. e3 Nbd7 7. Qc2 Re8 8. Rd1
c6 9. a3 a6 10. b4 a5 11. Qb3 axb4 12. axb4 dxc4 13. Bxc4 Nb6 14. Bd3 Nbd5 15.
Nxd5 exd5 16. Bxf6 Bxf6 17. h3 Qd6 18. Rb1 g6 19. Ke2 Bd7 20. Rhc1 Ra7 21. Ra1
Rea8 22. Rxa7 Rxa7 23. Kf1 Be7 24. b5 Ra3 25. Qb1 cxb5 26. Bxb5 Bf5 27. Qb2 Qb6
28. e4 Bxe4 29. Rc8+ Kg7 30. Ne1 Ra5 0-1

[Event "DEN-ch"]
[Site "Horsens"]
[Date "1978.??.??"]
[Round "3"]
[White "Mortensen, Erling"]
[Black "Kristiansen, Jens"]
[Result "0-1"]
[WhiteElo "2365"]
[BlackElo "2395"]
[PlyCount "112"]
[EventDate "1978.??.??"]
[EventType "tourn"]
[EventRounds "11"]
[EventCountry "DEN"]
[EventCategory "4"]
[Source "ChessBase"]
[SourceDate "1999.07.01"]

1. e4 e5 2. Nf3 d6 3. Bc4 Be7 4. d4 exd4 5. Nxd4 Nf6 6. Nc3 O-O 7. Bb3 Na6 8.
O-O Nc5 9. Qf3 c6 10. h3 Re8 11. Rd1 Qc7 12. Bg5 a5 13. Bc4 a4 14. a3 Rb8 15.
Ba2 Bd7 16. Nf5 Bxf5 17. Qxf5 b5 18. Rd4 Ncd7 19. Rad1 Rbd8 20. Qf3 Ne5 21. Qe2
h6 22. Bf4 Nfd7 23. Bc1 Nc5 24. f4 Ng6 25. Qh5 Kf8 26. f5 Ne5 27. Bf4 Bf6 28.
Rxd6 Rxd6 29. Rxd6 Kg8 30. Rd1 Qe7 31. Kh1 Rb8 32. Qe2 b4 33. axb4 Rxb4 34. Bc1
Bg5 35. Bxg5 Qxg5 36. Rb1 Qf4 37. Rf1 Qg3 38. Nd1 Rxe4 39. Qd2 Qg5 40. Qf2 Ncd7
41. Bb1 Qh5 42. Ne3 Qg5 43. Re1 Nf6 44. c3 Rf4 45. Qg1 Nh5 46. Rf1 Rxf1 47.
Nxf1 Ng3+ 48. Kh2 Qh4 49. Qb6 Nxf1+ 50. Kg1 Qe1 51. Qd8+ Kh7 52. f6+ g6 53. Qf8
Ne3+ 54. Kh2 Nf3+ 55. gxf3 Qf2+ 56. Kh1 Qg2# 0-1

[Event "DEN-ch"]
[Site "Horsens"]
[Date "1978.??.??"]
[Round "10"]
[White "Mortensen, Erling"]
[Black "Brinck Claussen, Bjorn"]
[Result "1-0"]
[WhiteElo "2365"]
[BlackElo "2385"]
[PlyCount "73"]
[EventDate "1978.??.??"]
[EventType "tourn"]
[EventRounds "11"]
[EventCountry "DEN"]
[EventCategory "4"]
[Source "ChessBase"]
[SourceDate "1999.07.01"]

1. e4 e6 2. d4 d5 3. Nd2 Nf6 4. e5 Nfd7 5. Bd3 c5 6. c3 Nc6 7. Ne2 cxd4 8. cxd4
Qb6 9. Nf3 f6 10. Nc3 fxe5 11. dxe5 Nc5 12. Bb1 Bd7 13. O-O O-O-O 14. Ng5 Nxe5
15. Bxh7 Be7 16. Qe2 Bf6 17. Bf4 d4 18. Nce4 Ncd3 19. Bg3 Bb5 20. Nxf6 gxf6 21.
Bxd3 Bxd3 22. Rfc1+ Kd7 23. Qd2 Bg6 24. Bxe5 fxe5 25. Nf3 Rh5 26. Re1 Qd6 27.
g4 e4 28. gxh5 exf3 29. Rad1 e5 30. Rxe5 Bd3 31. Qg5 Bc4 32. Qg4+ Kc7 33. Rg5
Bxa2 34. Rg7+ Kb8 35. Qg3 Qxg3+ 36. hxg3 d3 37. h6 1-0

[Event "DEN-ch"]
[Site "Horsens"]
[Date "1978.??.??"]
[Round "9"]
[White "Mortensen, Erling"]
[Black "Kolbak, Jens"]
[Result "1-0"]
[WhiteElo "2365"]
[BlackElo "2350"]
[PlyCount "113"]
[EventDate "1978.??.??"]
[EventType "tourn"]
[EventRounds "11"]
[EventCountry "DEN"]
[EventCategory "4"]
[Source "ChessBase"]
[SourceDate "1999.07.01"]

1. e4 c6 2. c4 d5 3. exd5 cxd5 4. cxd5 Nf6 5. Nc3 Nxd5 6. d4 Nc6 7. Nf3 g6 8.
Qb3 Nxc3 9. Bc4 Nd5 10. Bxd5 e6 11. Bxc6+ bxc6 12. O-O Bg7 13. Bf4 O-O 14. Rac1
a5 15. Rxc6 a4 16. Qb4 Qd5 17. Rc7 Qxa2 18. Rfc1 Ba6 19. Be5 Qd5 20. Bxg7 Kxg7
21. Ne5 Rad8 22. Ra7 Qb5 23. Qc3 Rd5 24. h3 Qb6 25. Qc7 Qxd4 26. Re1 Rc5 27.
Qb6 Bc8 28. Rxa4 Qxa4 29. Qxc5 Qb3 30. Qc1 h5 31. Re3 Qd5 32. Qc3 Kh7 33. Rd3
Qe4 34. Nf3 Qf5 35. h4 Kg8 36. Ne5 Qe4 37. Rf3 Qxh4 38. Nxf7 Rxf7 39. Qxc8+ Kg7
40. Qc3+ Kg8 41. Qc8+ Kg7 42. Rxf7+ Kxf7 43. Qd7+ Kf8 44. Qxe6 Kg7 45. Qd7+ Kh6
46. Qd2+ g5 47. Qd6+ Kh7 48. b4 Qe4 49. Qc5 Kg6 50. b5 Qe1+ 51. Kh2 h4 52. b6
g4 53. Qd6+ Kg5 54. b7 Qxf2 55. Qe5+ Kh6 56. b8=Q g3+ 57. Kh3 1-0

[Event "DEN-ch"]
[Site "Horsens"]
[Date "1978.??.??"]
[Round "7"]
[White "Mortensen, Erling"]
[Black "Jakobsen, Ole"]
[Result "0-1"]
[WhiteElo "2365"]
[BlackElo "2400"]
[PlyCount "92"]
[EventDate "1978.??.??"]
[EventType "tourn"]
[EventRounds "11"]
[EventCountry "DEN"]
[EventCategory "4"]
[Source "ChessBase"]
[SourceDate "1999.07.01"]

1. e4 c5 2. Nf3 d6 3. d4 cxd4 4. Nxd4 Nf6 5. Nc3 Nc6 6. Bc4 Qb6 7. Nb3 e6 8.
O-O a6 9. Bg5 Be7 10. Kh1 Qc7 11. Bd3 b5 12. a3 O-O 13. f4 h6 14. Bh4 Bb7 15.
Qf3 Rac8 16. Qh3 b4 17. axb4 Nxb4 18. Na5 Ba8 19. f5 e5 20. Bxf6 Bxf6 21. Nc4
Rb8 22. b3 Rfd8 23. Ra4 Kh7 24. Qf3 Bc6 25. Ra5 Nxd3 26. Qxd3 Bb5 27. Rfa1 Bxc4
28. bxc4 Rb4 29. R5a4 Rxa4 30. Rxa4 Qb6 31. g3 Rb8 32. Kg2 Bd8 33. Ra3 Qb2 34.
Ra2 Qb6 35. Nd5 Qb1 36. Nc3 Qb6 37. Ra1 Qc6 38. Kf3 Rb4 39. c5 Qxc5 40. Nd5 Rd4
41. Qb3 Rd2 42. Rf1 Rxc2 43. h4 h5 44. f6 Qc8 45. Ke3 Rg2 46. Kf3 Qh3 0-1

[Event "DEN-ch"]
[Site "Horsens"]
[Date "1978.??.??"]
[Round "5"]
[White "Mortensen, Erling"]
[Black "Hoi, Carsten"]
[Result "0-1"]
[WhiteElo "2365"]
[BlackElo "2340"]
[PlyCount "76"]
[EventDate "1978.??.??"]
[EventType "tourn"]
[EventRounds "11"]
[EventCountry "DEN"]
[EventCategory "4"]
[Source "ChessBase"]
[SourceDate "1999.07.01"]

1. e4 d6 2. d4 Nf6 3. Nc3 g6 4. f4 Bg7 5. Nf3 O-O 6. Bd3 Nbd7 7. O-O e5 8. fxe5
dxe5 9. d5 Qe7 10. Qe1 Nh5 11. Bg5 f6 12. Be3 Nf4 13. Bc4 Kh8 14. Rd1 Nb6 15.
Bb3 Rd8 16. a4 Bd7 17. g3 Nh3+ 18. Kg2 Bg4 19. Rd2 Nc8 20. a5 Nd6 21. Ng1 Nxg1
22. Kxg1 a6 23. Rff2 f5 24. exf5 gxf5 25. Qf1 Rg8 26. Kh1 Raf8 27. Bc4 f4 28.
Bc5 fxg3 29. hxg3 e4 30. Rxf8 Rxf8 31. Rf2 Bf3+ 32. Kh2 Rf5 33. Kg1 Qg5 34.
Bxd6 cxd6 35. Ne2 Bxe2 36. Rxf5 Bd4+ 37. Kh2 Qh6+ 38. Qh3 Bg1+ 0-1

[Event "DEN-ch"]
[Site "Horsens"]
[Date "1978.??.??"]
[Round "6"]
[White "Pedersen, Erik"]
[Black "Fries Nielsen, Jens Ove"]
[Result "1-0"]
[WhiteElo "2200"]
[BlackElo "2300"]
[PlyCount "77"]
[EventDate "1978.??.??"]
[EventType "tourn"]
[EventRounds "11"]
[EventCountry "DEN"]
[EventCategory "4"]
[Source "ChessBase"]
[SourceDate "1999.07.01"]

1. d4 Nf6 2. Nc3 d5 3. Bg5 Nbd7 4. f3 e6 5. e4 Be7 6. Qd2 O-O 7. e5 Ne8 8. h4
c5 9. O-O-O cxd4 10. Bxe7 Qxe7 11. Qxd4 f6 12. f4 Nb8 13. Nf3 Nc6 14. Qe3 Bd7
15. Nd4 f5 16. h5 Rc8 17. Be2 Nc7 18. g4 Nxd4 19. Qxd4 b5 20. gxf5 Rxf5 21. Bd3
b4 22. Ne2 Nb5 23. Qe3 Rff8 24. Bxb5 Bxb5 25. Nd4 Bc4 26. Qh3 Rxf4 27. Nxe6 Rf2
28. Nd4 Rcf8 29. Qg3 Bxa2 30. Rhg1 b3 31. c3 a5 32. Rd2 Rxd2 33. Kxd2 a4 34.
Ne6 Rf7 35. Ng5 Rf8 36. Qd3 g6 37. hxg6 hxg6 38. Qxg6+ Kh8 39. Nf7+ 1-0

[Event "DEN-ch"]
[Site "Horsens"]
[Date "1978.??.??"]
[Round "8"]
[White "Pedersen, Erik"]
[Black "Hansen, Jacob Ost"]
[Result "1/2-1/2"]
[WhiteElo "2200"]
[BlackElo "2360"]
[PlyCount "26"]
[EventDate "1978.??.??"]
[EventType "tourn"]
[EventRounds "11"]
[EventCountry "DEN"]
[EventCategory "4"]
[Source "ChessBase"]
[SourceDate "1999.07.01"]

1. Nf3 Nf6 2. b3 g6 3. Bb2 Bg7 4. c4 O-O 5. e3 d6 6. d4 e5 7. dxe5 Nfd7 8. Nc3
dxe5 9. Be2 Re8 10. O-O a5 11. a3 Na6 12. b4 Rb8 13. Qb3 e4 1/2-1/2